|
|
|
|
| LEADER |
00000nam0a2200000 4500 |
| 001 |
374902 |
| 005 |
20231101051351.0 |
| 010 |
|
|
|b 6140 экз.
|
| 035 |
|
|
|a (RuTPU)RU\TPU\retro\32337
|
| 035 |
|
|
|a RU\TPU\book\275136
|
| 090 |
|
|
|a 374902
|
| 100 |
|
|
|a 20221219d1933 m y0rusy50 ca
|
| 101 |
0 |
|
|a rus
|
| 102 |
|
|
|a RU
|
| 105 |
|
|
|a a z 001zy
|
| 200 |
1 |
|
|a Очерк истории Ойротии. Алтайцы в период русской колонизации
|f Л. П. Потапов
|
| 210 |
|
|
|a Новосибирск
|d 1933
|
| 215 |
|
|
|a 202 с.
|c ил.
|
| 320 |
|
|
|a Список алтайских слов и выражений, встречающихся в книге в транскрипции нового тюрского алфавита: с. 200-202
|
| 320 |
|
|
|a Постраничные примечания.
|
| 610 |
1 |
|
|a народы России
|
| 610 |
1 |
|
|a Алтай
|
| 610 |
1 |
|
|a алтайцы
|
| 610 |
1 |
|
|a колонизация
|
| 610 |
1 |
|
|a общественный строй
|
| 610 |
1 |
|
|a этнография
|
| 610 |
1 |
|
|a дореволюционный период
|
| 686 |
|
|
|a Т52(25)
|v LBC/SL-A
|2 rubbk
|
| 686 |
|
|
|a Ч611.68
|v LBC/SL-A
|2 rubbk
|
| 700 |
|
1 |
|a Потапов
|b Л. П.
|
| 801 |
|
1 |
|a RU
|b 63413507
|c 20140305
|
| 801 |
|
2 |
|a RU
|b 63413507
|c 20221219
|g RCR
|
| 942 |
|
|
|c BK
|